000 00443nam a22001697a 4500
005 20260408160350.0
008 160627b xxu||||| |||| 00| 0 eng d
020 _a978-81-259-3312-0
041 _aeng
082 _a338.954
100 _aChoudhuri, Malay and Arendam
_92981
245 _aThe Great Indian Dream
260 _aNew Delhi
_bVikas Publishing House,
_c2009
300 _a244
650 _aeconomic development
_98961
942 _cBK
999 _c4311
_d4310